Vista normal
Vista MARC
Entrada Nombre personal
Número de registros utilizados en: 12
001 - NÚMERO DE CONTROL
- campo de control: 37205
003 - IDENTIFICADOR DEL NÚMERO DE CONTROL
- campo de control: BNPHU
005 - FECHA Y HORA DE LA ÚLTIMA TRANSACCIÓN
- campo de control: 20240305133544.0
008 - DATOS DE LONGITUD FIJA
- campo de control de longitud fija: 200615|| aca||aabn | a|a d
010 ## - NÚMERO DE CONTROL DE LA BIBLIOTECA DEL CONGRESO
- Número de control de LC: n 81052661
040 ## - FUENTE DE LA CATALOGACIÓN
- Centro catalogador/agencia de origen: DO-SdBNP
- Lengua de catalogación: spa
- Centro/agencia transcriptor: BNPHU
- Normas de descripción: rda
100 1# - ENCABEZAMIENTO-NOMBRE DE PERSONA
- Nombre de persona: Hoetink, H.,
- Fechas asociadas al nombre: 1931-
370 ## - LUGAR ASOCIADO
- Lugar de nacimiento: Países Bajos
- Lugar de fallecimiento: Amsterdan (Países Bajos)
- Otro lugar asociado: Curazao
- Otro lugar asociado: Puerto Rico
- Otro lugar asociado: Alemania
372 ## - CAMPO DE ACTIVIDAD
- Número de control del registro: So
- Campo de actividad: Sociología
- Campo de actividad: Historia
- Campo de actividad: Caribe (Región)
375 ## - GÉNERO/SEXO
- Género/Sexo: Masculino
377 ## - LENGUA/LENGUAJE ASOCIADO
- Código del idioma: spa
400 1# - TRAZADO DE VÉASE--NOMBRE DE PERSONA
- Nombre de persona: Hoetink, Harmannus
400 1# - TRAZADO DE VÉASE--NOMBRE DE PERSONA
- Nombre de persona: Hoetink, Harry
400 1# - TRAZADO DE VÉASE--NOMBRE DE PERSONA
- Nombre de persona: Hoetink, Harman A.
670 ## - FUENTE DE DATOS ENCONTRADOS
- Cita de la fuente: Work cat.: (OSt)16322: Cultura y folklore de Samaná /, 1984.
670 ## - FUENTE DE DATOS ENCONTRADOS
- Cita de la fuente: Ensayos caribeños, 2006:
